00664nam a2200241 a 4500001001300000003000900013005001700022008004100039020001100080082001600091100001600107245001900123260003400142300000900176500003500185505003400220650001200254700001600266902000800282942000700290952011200297999001300409nice12345678IN_TiNIC20260116011325.0050524s1962 dela grp 000 0 urd  ac1.7500a297.53bSAI aSaid, Ahmed aMaah-E-Ramazan aDelhibDeeni Book Depo,c1962 a170p aincludes index and biblioraphy2 ascn book club study project.3 aRamadan1 aSaid, Ahmed bSRS cBK 001040708StackRoom-aHMIbHMId2007-07-05g1.75l0o297.53 SAIp03679r2007-07-05v1.75w2005-05-24yBK c513d513